Microprocessor and applications / (Record no. 39995)

MARC details
000 -LEADER
fixed length control field 00742nam a22002057a 4500
005 - DATE AND TIME OF LATEST TRANSACTION
control field 2010080703443.0
010 ## - LCCN (DPL NO)
LC control number ENG-98547
020 ## - INTERNATIONAL STANDARD BOOK NUMBER
International Standard Book Number 9789380439129
Terms of availability 120.00
035 ## - SYSTEM CONTROL NUMBER
System control number EN-82080
037 ## - SOURCE OF ACQUISITION
Source of stock number/acquisition DBAD/PUB
082 ## - DEWEY DECIMAL CLASSIFICATION NUMBER
Classification number 621.38171
100 ## - MAIN ENTRY--PERSONAL NAME
Personal name Thirumoorthy, P
245 ## - TITLE STATEMENT
Title Microprocessor and applications /
Statement of responsibility, etc by P. Thirumoorthy
260 ## - PUBLICATION, DISTRIBUTION, ETC. (IMPRINT)
Place of publication, distribution, etc Erode
Name of publisher, distributor, etc Kongu Nadu Literature
Date of publication, distribution, etc 2009
270 ## - ADDRESS
Address 93, Chinnamuthu Main Street, E. K. Valasu
City Erode
Postal code 638011
300 ## - PHYSICAL DESCRIPTION
Extent 137p.:
Other physical details ill.
Dimensions 21cm (pbk)
650 ## - SUBJECT ADDED ENTRY--TOPICAL TERM
Topical term or geographic name as entry element Microprocessor
942 ## - ADDED ENTRY ELEMENTS (KOHA)
Source of classification or shelving scheme Dewey Decimal Classification
Item type English Books
Classification part 621.38171
Call number suffix THI
Holdings
Withdrawn status Lost status Not for loan Collection code Home library Current library Date acquired Source of acquisition Cost, normal purchase price Full call number Barcode Copy number Cost, replacement price Koha item type
    Not For Loan Non-fiction D.B.Act.Division D.B.Act.Division 07/08/2010 DBAD/PUB 120.00 621.38171 THI EN-82080 1 120.00 English Books

© Delhi Public Library
Hit Counter
free hit counter